书目信息 |
| 题名: |
享受的风险
|
|
| 作者: | 李济英 著 | |
| 分册: | ||
| 出版信息: | 天津 天津教育出版社 2001 |
|
| 页数: | 143页 | |
| 开本: | 20cm | |
| 丛书名: | 绿色未来 | |
| 单 册: | ||
| 中图分类: | X503.1 | |
| 科图分类: | ||
| 主题词: | 环境影响--健康--青年读物 | |
| 电子资源: | ||
| ISBN: | 7-5309-3264-0 | |
| 000 | 00857oam2 2200253 450 | |
| 001 | 1550085938 | |
| 005 | 20150127131916.78 | |
| 010 | @a7-5309-3264-0@dCNY12.60 | |
| 100 | @a20010614d2001 am y0chiy0110 ea | |
| 101 | 0 | @achi |
| 102 | @aCN@b120000 | |
| 105 | @aa z 000yy | |
| 200 | 1 | @a享受的风险@9xiang shou de feng xian@e家居环境与绿色生活@f李济英著 |
| 210 | @a天津@c天津教育出版社@d2001 | |
| 215 | @a143页@c照片@d20cm | |
| 225 | 2 | @a绿色未来 |
| 330 | @a现代家居生活舒适豪华,但电脑、空调、净水器等现代化产品也在给人类造成新的污染,本书探讨了家居环境与绿色生活这一人类面临的新问题。 | |
| 461 | 0 | @12001 @a绿色未来 |
| 517 | 1 | @a家居环境与绿色生活@9jia ju huan jing yu lv se sheng huo |
| 606 | 0 | @a环境影响@x健康@j青年读物 |
| 690 | @aX503.1@v4 | |
| 701 | 0 | @a李济英@9li ji ying@4著 |
| 801 | 0 | @aCN@bTSSF@c20150127 |
| 905 | @aZUCC@dX503.1@eJY1 | |
| 享受的风险:家居环境与绿色生活/李济英著.-天津:天津教育出版社,2001 |
| 143页:照片;20cm.-(绿色未来) |
| ISBN 7-5309-3264-0:CNY12.60 |
| 现代家居生活舒适豪华,但电脑、空调、净水器等现代化产品也在给人类造成新的污染,本书探讨了家居环境与绿色生活这一人类面临的新问题。 |
| ● |
| 相关链接 |
|
|
|
|
正题名:享受的风险
索取号:X503.1/JY1
 
预约/预借
| 序号 | 登录号 | 条形码 | 馆藏地/架位号 | 状态 | 备注 |
| 1 | 7852481 | 278524811 | 学院路分馆/ [索取号:X503.1/JY1] | 在馆 | |
| 2 | 7852482 | 278524820 | 学院路分馆/ [索取号:X503.1/JY1] | 在馆 | |
| 3 | 7852483 | 278524839 | 学院路分馆/ [索取号:X503.1/JY1] | 在馆 | |
| 4 | 7852484 | 278524848 | 学院路分馆/ [索取号:X503.1/JY1] | 在馆 |